| 000 | 00515nam a2200181Ia 4500 | ||
|---|---|---|---|
| 003 | IN-BaIIA | ||
| 008 | 211028s9999 xx 000 0 eng d | ||
| 020 | _a978-0-19-568446-9 | ||
| 040 | _cIIA Library | ||
| 080 |
_a800.1 _bTHE |
||
| 100 |
_aChomsky, noam _921357 |
||
| 245 | 4 |
_athe architecture of language _cnoam Chomsky |
|
| 250 | _a4th ed. | ||
| 260 |
_aOxford _bOxford University Press _c2009 |
||
| 300 | _axv, 89p. | ||
| 650 |
_aLanguages _97817 |
||
| 942 | _cBK | ||
| 999 |
_c17575 _d17575 |
||